| 000 | nam a22 a 4500 | ||
|---|---|---|---|
| 999 |
_c186932 _d186932 |
||
| 003 | BLK | ||
| 005 | 20220926120621.0 | ||
| 008 | 180411b bul|||||r ||||||| ||bul|| | ||
| 010 | _aKNG00195928000 | ||
| 040 | _aBLK | ||
| 041 |
_aBUL _cBUL |
||
| 080 |
_aЗаваряване и родствени процеси. Вж и 621.735; 621.78 _b621.791 _x(075.81) _z621.791(075.81) |
||
| 100 | 1 |
_aНиколов, Димитър _eпърви автор _9366280 |
|
| 139 |
_aНиколов, Димитър и др. _bН 74 |
||
| 245 | 1 | 0 |
_aЛабораторни упражнения по заваряване _bЗа студентите от ВИММЕСС - Русе _cДимитър Николов; съавт. Христо Й. Маринов; съавт. Борис Р. Матеев. |
| 250 | _a2. прераб. изд. | ||
| 257 | _aBGR | ||
| 260 |
_bВИММЕСС _c1974 _aРусе |
||
| 300 |
_a142 с. _bс черт. и табл. ; 23 см |
||
| 380 | _a62 | ||
| 500 | _a1. изд. 1972 Офс. изд. - 1 000 тир. - Библиогр. с. 142. | ||
| 650 | 4 |
_aЗаваряване - учебници за ВУЗ _9254152 |
|
| 653 | _aзаваряване | ||
| 653 | _aучебници за ВУЗ | ||
| 700 | 1 |
_aМаринов, Христо Й. _eсъавт. _9344226 |
|
| 700 | 1 |
_aМатеев, Борис Р. _eсъавт. _9344227 |
|
| 852 |
_aЦб 75462 _bЦб |
||
| 856 | 4 | _qpdf | |
| 856 | 4 | _qpdf | |
| 942 |
_cKNG _n0 _01 _s1 |
||
| 944 |
_aCR _c14.11.2016 _kСтанимира_Цанева |
||
| 944 |
_aED _c14.11.2016 _kСтанимира_Цанева |
||
| 944 |
_aED _c2022-09-26 _kМикаела Микова-Илиева |
||
| 999 | _d186932 | ||